Ramon lull and john scotus erigena /
Guardado en:
| Autor Principal: | |
|---|---|
| Formato: | Libro |
| Publicado: |
London :
Journal Of The Warburg And Courtauld Institutes,
1960
|
| Materias: | |
| Etiquetas: |
Agregar Etiqueta
Sin Etiquetas, Sea el primero en etiquetar este registro!
|
| LEADER | 00497nam a22001575a 4500 | ||
|---|---|---|---|
| 001 | EHU.bham003021 | ||
| 003 | AR-BHAM | ||
| 005 | 20070412162631.0 | ||
| 008 | 130507s1960##################000#0#####d | ||
| 082 | 1 | 8 | |a 189 |
| 100 | 1 | |a Yates, Frances A. | |
| 245 | 1 | 0 | |a Ramon lull and john scotus erigena / |c Frances A. Yates. |
| 260 | |a London : |b Journal Of The Warburg And Courtauld Institutes, |c 1960 | ||
| 300 | |a 44 p. | ||
| 653 | |a Filosofia medieval | ||
| 859 | |a AR-BHAM |b BIB. HUMANIDADES - General |h 189 |i Y27-1 |p 445.65 |t Ej.1 | ||
